000
00248nam a2200109Ia 4500
008
190216s9999||||xx |||||||||||||| ||und||
100
_a
V R Paramwswaran Pilla
245
0
_a
Prajeena Likithangal
260
_b
Null
650
_a
Padanam
942
_c
BK
999
_c
24336
_d
24336